Cicavce (Mammalia) a ulitníky (Gastropoda) vrchného pleistocénu mladopaleolitického táboriska v Trenčianskych Bohuslaviciach

Bibliographic Details
Main Authors: Holec, Peter, 1944- (Author), Kernátsová, Jana (Author)
Format: Article
Language:Slovak
PhysicalDescription:Obr. 1, tab. 2, res. angl., lit. 6 zázn.
ISSN:0369-2086
Subjects:

MARC

LEADER 00000nab a2200000 a 4500
001 vtls000640346
003 SK-MaSNL
005 20260304101858.0
008 250425c1997 xo 0 slo
015 |a SNBRB19rr/mm-uuuuu 
035 |a CL0640485 
035 |a (urnnbn)urn:nbn:sk:snk:ar-005l9m 
035 |a (uuid)cd1c4408-a6d4-41d7-a15c-7a0d93eac37e 
035 |a urn:nbn:sk:snk-ab80y8 
040 |a SNKBUCL  |b slo  |c SNKBUCL  |e AACR2 
041 0 |a slo 
044 |a xo  |c SK 
080 |a 562/569"6325":599:594.3  |2 1981 
080 |a 599  |2 1981 
080 |a 594.3  |2 1981 
100 1 |a Holec, Peter,  |d 1944-  |4 aut  |9 37764 
245 1 0 |a Cicavce (Mammalia) a ulitníky (Gastropoda) vrchného pleistocénu mladopaleolitického táboriska v Trenčianskych Bohuslaviciach  |c Peter Holec, Jana Kernátsová 
300 |b Obr. 1, tab. 2, res. angl., lit. 6 zázn. 
650 0 7 |a cicavce  |2 snkbucl  |9 1286 
650 0 7 |a ulitníky  |2 snkbucl  |9 73380 
650 0 7 |a mladší paleolit  |2 snkbucl  |9 99487 
651 7 |a Trenčianske Bohuslavice (Slovensko)  |2 snkbucl  |9 105696 
655 7 |a články z novín a časopisov  |2 snkbucl  |9 267496 
700 1 |a Kernátsová, Jana  |4 aut  |9 13142 
773 0 |t Mineralia slovaca  |g Roč. 29, č. 3 (1997), s. 234-236  |x 0369-2086 
850 |a Slovenská národná knižnica 
852 |a Slovenská národná knižnica 
954 |a odborná, vedecká literatúra pôvodná (slovenská)  |2 lita 
958 |a article9 
958 |a NB 
958 |a SK 
958 |a RK 
958 |a OND 
958 |a EUIPO 
992 |a RBX 
999 |c 2843034  |d 2844964